Nigeryjscy sportowcy - nagła śmierć - Statystyki

Ogólne statystyki
  • Ten quiz został rozwiązany 46 razy
  • Średni wynik to 6 z 10
Answers on the Grid
Answers color-coded by a green-red scale on the quiz's grid according to % correct below.
Mohamed Salah
Victor Osimhen
Jay-Jay Okocha
Didier Drogba
John Obi Mikel
Hakim Ziyech
Francis Ngannou
Chioma Ajunwa
Tiger Woods
Ahmed Musa
George Weah
Alex Iwobi
Blessing Okagbare
Kalidou Koulibaly
Caster Semenya
Victor Moses
Alex Pereira
Hakeem Olajuwon
Nwankwo Kanu
Kenenisa Bekele
 
Statystyki odpowiedzi
Odpowiedź % Poprawnych
Victor Osimhen
97%
Jay-Jay Okocha
92%
John Obi Mikel
74%
Ahmed Musa
54%
Alex Iwobi
54%
Victor Moses
51%
Chioma Ajunwa
46%
Nwankwo Kanu
44%
Hakeem Olajuwon
41%
Blessing Okagbare
38%
Nie znaleziono quizów pasujących do podanych kryteriów
Rozkład punktacji
Procent ludzi z każdym wynikiem
Percentyl według liczby udzielonych odpowiedzi
Twoja historia wyników
Nie rozwiązałeś tego quizu